Die meistverkauften Musikalben in Deutschland - Statistiken

Allgemein
  • Dieses Quiz wurde 229 mal gespielt
  • Das Durchschnittsergebnis liegt bei 5 aus 20
Antwortstatistiken
Jahr Künstler Album Verkaufte CDs % Korrekt
2002 Herbert Grönemeyer Mensch 3,15 Millionen
75%
1984 Herbert Grönemeyer 4630 Bochum 2,75 Millionen
61%
1995 Pur Abenteuerland 2 Millionen
47%
1987 Michael Jackson Bad 2 Millionen
46%
1979 Pink Floyd The Wall 2 Millionen
41%
2001 Andrea Berg Best Of 2,25 Millionen
26%
2010 Helene Fischer Best Of 2 Millionen
26%
1992 ABBA ABBA Gold – Greatest Hits 2,5 Millionen
21%
2013 Helene Fischer Farbenspiel 2,4 Millionen
21%
1994 The Kelly Family Over the Hump 2,25 Millionen
21%
1991 Michael Jackson Dangerous 2 Millionen
17%
1981 Phil Collins Face Value 1,75 Millionen
9%
1991 Genesis We Can’t Dance 2,5 Millionen
9%
1989 Phil Collins … But Seriously 3 Millionen
7%
1991 Queen Greatest Hits II 2,25 Millionen
6%
2010 Unheilig Große Freiheit 1,8 Millionen
5%
1973 The Beatles 1962–1966 2 Millionen
4%
1996 Wolfgang Petry Alles 2 Millionen
4%
1988 Tracy Chapman Tracy Chapman 2,25 Millionen
4%
1995 Andrea Bocelli Bocelli 2 Millionen
3%
Keine übereinstimmenden Quizze gefunden
Verteilung der Resultate
Anzahl Personen mit jedem Resultat
Perzentil nach korrekt beantworteten Fragen
Ihre Resultats-Entwicklung
Sie haben dieses Quiz noch nicht gespielt